000 00713nam a2200253Ia 4500
001 Para_7321
003 CHAP
008 220125s1999 xx 000 0 und d
010 _a206209
040 _cCHAP
090 _aPA R-77
100 _aLocker, Betty
_9172441
245 _aThe identification of taenia tenvicollis rudolphi, 1819, in North America /
_c Betty Locker
260 _as.l. :
_bs.n.
500 _aSobretiro de: The Journal of parasitology 41 (1): 51-56, 1954
650 _aGanado
_x parĂ¡sitos
_944939
901 _aPA R-77
902 _aA
905 _a00000019-- 0000000000 00
910 _a19--
942 _cPARA
942 _cPARA
_d1
999 _c206209
_d206209